000 00723cab a2200241 4500
001 WB3411-60
008 090401t1998 xxu||||| |||| 00| 0 eng d
035 _a(Sirsi) u84942
041 _aeng
245 _aImpact of BSE on farming industry
260 _c1998
350 _a0
490 _aFinancial Times
_v14/15 March 1998, 4(1)
520 _aA report prepared by DTZ Pieda Consulting shows that the BSE crisis cost the economy between £740m and £980m in its first year. It expects the impact on farmers to worsen.
650 _aBEEF INDUSTRY
650 _aBSE
650 _aDTZ PIEDA CONSULTING
650 _aECONOMY
650 _aGDP
690 _aRURAL PRACTICE
942 _n0
948 _c17/03/1998
999 _c53403
_d53403